Loading...
| Other | 0 | 8 | 0 | 1 | 80 | 47 | 82.13 | 0 | 5 | 0.00 | 0.00 |
| Literature - American | 0 | 7 | 0 | 0 | 70 | 82 | 96.43 | 1 | 6 | 0.00 | 0.00 |
| Social Science | 0 | 7 | 0 | 0 | 70 | 44 | 69.57 | 2 | 5 | 0.00 | 0.00 |
| Fine Arts - Classical Music | 0 | 7 | 1 | 0 | 65 | 52 | 94.86 | 3 | 4 | 0.00 | 0.00 |
| Mythology | 0 | 7 | 2 | 1 | 60 | 56 | 101.71 | 1 | 6 | 0.00 | 0.00 |
| Literature - World | 0 | 6 | 0 | 2 | 60 | 87 | 114.67 | 0 | 5 | 0.00 | 0.00 |
| Literature - British | 0 | 6 | 0 | 0 | 60 | 98 | 116.33 | 0 | 3 | 0.00 | 0.00 |
| Literature - European | 0 | 6 | 1 | 0 | 55 | 64 | 118.50 | 0 | 3 | 0.00 | 0.00 |
| Science - Other | 0 | 6 | 1 | 1 | 55 | 62 | 81.17 | 1 | 4 | 0.00 | 0.00 |
| Fine Arts - Other | 0 | 6 | 3 | 0 | 45 | 68 | 100.33 | 0 | 3 | 0.00 | 0.00 |
| Fine Arts - Painting & Sculpture | 0 | 5 | 1 | 0 | 45 | 80 | 110.80 | 0 | 3 | 0.00 | 0.00 |
| History - World | 0 | 5 | 3 | 0 | 35 | 74 | 93.20 | 0 | 3 | 0.00 | 0.00 |
| History - European | 0 | 4 | 1 | 1 | 35 | 53 | 95.25 | 1 | 3 | 0.00 | 0.00 |
| Philosophy | 0 | 4 | 1 | 0 | 35 | 76 | 88.25 | 0 | 4 | 0.00 | 0.00 |
| Science - Biology | 0 | 4 | 1 | 0 | 35 | 95 | 103.00 | 0 | 0 | 0.00 | 0.00 |
| History - American | 0 | 4 | 2 | 0 | 30 | 47 | 87.75 | 1 | 2 | 0.00 | 0.00 |
| History - Other | 0 | 4 | 3 | 1 | 25 | 104 | 112.75 | 0 | 1 | 0.00 | 0.00 |
| Religion | 0 | 3 | 1 | 0 | 25 | 87 | 102.00 | 0 | 1 | 0.00 | 0.00 |
| Science - Physics | 0 | 1 | 1 | 0 | 5 | 80 | 80.00 | 0 | 1 | 0.00 | 0.00 |
| Science - Chemistry | 0 | 1 | 3 | 0 | -5 | 127 | 127.00 | 0 | 1 | 0.00 | 0.00 |